| 000 | 00760nam a2200217Ia 4500 | ||
|---|---|---|---|
| 001 | 11305 | ||
| 003 | GE_BSU | ||
| 008 | 181216s||||||||xx |||||||||||||| ||und|| | ||
| 040 | _cGE_BSU | ||
| 080 | _a581.43 | ||
| 100 | _aნაკაიძე ილია | ||
| 245 | _aმცენარის კვების დიაგნოსტიკა | ||
| 245 | _cრედ: თ. ჯინჯიხაშვილი, მხატვ: მ. კუხაშვილი | ||
| 260 | _aთბილისი | ||
| 260 | _bსაბჭოთა საქართველო | ||
| 260 | _c1977 | ||
| 300 | _a158გვ.20სმ. | ||
| 300 | _eცხრ. | ||
| 653 | _aმცენარის კვების დიაგნოსტიკა | ||
| 942 | _cBK | ||
| 999 |
_c44507 _d44507 |
||